Sentences children use
Na minha lista:
| Autor principal: | |
|---|---|
| Formato: | Livro |
| Idioma: | inglês |
| Publicado em: |
Cambridge
The M.I.T Press
1969
|
| Assuntos: | |
| Tags: |
Adicionar Tag
Sem tags, seja o primeiro a adicionar uma tag!
|
MARC
| LEADER | 00000nam a2200000 a 4500 | ||
|---|---|---|---|
| 001 | UCI2237 | ||
| 003 | CL-VaPUC | ||
| 008 | 070810e19690000us |||||||||||||||||eng|d | ||
| 020 | |a 0262630435 | ||
| 082 | 0 | 4 | |a 425 |b MEN |2 21 |
| 100 | |a Menyuk, Paula |e autora |9 523182 | ||
| 245 | 1 | 0 | |a Sentences children use |
| 300 | |a 165 p | ||
| 942 | |c BK | ||
| 945 | |d 20070810 00:00:00 |a jtorresc | ||
| 260 | |a Cambridge |b The M.I.T Press |c 1969 | ||
| 650 | 7 | |a LENGUAJE DE LOS NIÑOS |2 CL-VaPUC |9 307440 | |
| 650 | 0 | |a Lingüística |9 265068 | |
| 650 | 7 | |a INGLES FONETICA |2 CL-VaPUC |9 313179 | |
| 583 | |a last modification |c 20171218 02:37:29 |k Rodrigo Vera | ||
| 999 | |c 326871 |d 326869 | ||
| 952 | |0 0 |1 0 |4 0 |6 425_000000000000000_MEN_1969 |7 0 |8 A |9 409051 |a FDOPOS |b FDOPOS |d 2019-11-22 |i 4361253 |o 425 MEN 1969 |p 4361253 |r 2025-01-22 |w 2019-11-22 |y BK |k MLA | ||